=O mistério da Casa Verde (Record no. 47252)

MARC details
000 -LÍDER
campo de controle de tamanho fixo 00367 a2200157 4500
001 - NÚMERO DE CONTROLE
campo de controle 47252
020 ## - ISBN - INTERNATIONAL STANDARD BOOK NUMBER
ISBN - International Standard Book Number 850807431X (broch.)
040 ## - FONTE DA CATALOGAÇÃO
Instituição que transcreveu o registro Anchieta - Aquarius
100 ## - ENTRADA PRINCIPAL--NOME PESSOAL
Nome pessoal Scliar, Moacyr
240 10 - TÍTULO UNIFORME
Título uniforme =O mistério da Casa Verde
Idioma da obra por
245 10 - TÍTULO
Título =O mistério da Casa Verde
300 ## - DESCRIÇÃO FÍSICA
Extensão 85p.
362 0# - DATAS DE PUBLICAÇÃO E/OU DESIGNAÇÃO SEQUENCIAL
Datas de publicação e/ou designação sequencial 2000
650 #4 - ASSUNTO--TERMO TÓPICO
Cabeçalho tópico ou nome geográfico Literatura brasileira
942 ## - ELEMENTOS DE ENTRADA ADICIONADOS (KOHA)
Tipo de material Koha Livros
Holdings
Situação do descarte Situação das perdas Situação física Não pode ser emprestado Biblioteca de origem Biblioteca atual Data de aquisição Total de empréstimos Número de chamada completo Código de barras Data de último acesso Data do preço efetivo Tipo de material Koha Fonte da classificação ou esquema de arquivamento na estante Número do exemplar
        Colégio Anchieta - Aquarius Colégio Anchieta - Aquarius 21/11/2023   869.93 SCL OMI 5786/AQU 21/11/2023 21/11/2023 Livros    
        Portinari - Salvador Portinari - Salvador 22/07/2024   028.5 S419m 5605/CCP 22/07/2024 22/07/2024 Livros   Ex. 1